Normal view
MARC view
- Karin Mittmann & Zafar Ihsan
Entry Personal Name
001 - CONTROL NUMBER
- control field: 9914
003 - CONTROL NUMBER IDENTIFIER
- control field: NUST
005 - DATE AND TIME OF LATEST TRANSACTION
- control field: 20180124172025.0
008 - FIXED-LENGTH DATA ELEMENTS
- fixed length control field: 180124|| aca||aabn | a|a d
040 ## - CATALOGING SOURCE
- Original cataloging agency: NUST
- Transcribing agency: NUST
100 ## - HEADING--PERSONAL NAME
- Personal name: Karin Mittmann & Zafar Ihsan
670 ## - SOURCE DATA FOUND
- Source citation: Work cat.: (NUST)326360: Karin Mittmann & Zafar Ihsan, Culture Shock Pakistan : a guide to customs and etiquette English, 2004
